Responses for show #8299 - Thursday, December 10, 2020

Contestants

[<< previous game]

Becca Jones, an attorney from Phoenix, Arizona

Gabriel DeRoche, a Ph.D. student originally from Toronto, Ontario, Canada

Kendra Blanchette, a registered dietitian from Elk Grove, California (whose 1-day cash winnings total $26,401)

[next game >>]

Jeopardy! Round responses

LET'S MAKE A SUPERGROUP
BRAND NAMES
LEO POTPOURRI-O
ENDS IN DOUBLE-"S"
ALL ROADS
TO LEAD ROME
    $200 6
Jimi Hendrix

Triple Stumper
    $200 20
Lysol

Kendra
    $200 21
Hercules

Becca
    $200 1
Darkness

Gabriel
    $200 11
Abbey Road

Becca
    $200 26
a forum

Kendra
    $400 7
Billy Joel

Gabriel
    $400 16
Kleenex

Kendra
    $400 22
MGM

Becca
    $400 2
seedless

Triple Stumper
    $400 12
(Gabriel: What are the [*]?)
(Alex: Be more specific.)
(Gabriel: Um... Christ's Apostles.)
[Gabriel's response was ruled incorrect and the decision was reversed after the break due to "dozen" already appearing in the clue's wording.]

the (Twelve) Apostles

Gabriel
    $400 27
the Republic

Gabriel
    $600 8
Led Zeppelin

Kendra
    $600 17
Saran Wrap

Kendra
    $600 23
Yiddish

Becca
    $600 3
flawless

Becca
    $600 13
Argentina

Gabriel
    $600 28
Pompey

Kendra
    $800 9
Stevie Nicks

Kendra
    $800 18
(Becca: What is American Express?)

Visa

KendraBecca
    $800 24
law enforcement officer

Kendra
    $800 4
bluegrass

Kendra
    $800 14
hairpin turns

Becca
    $800 30
the Praetorian Guard

Gabriel
    $1000 10
(Clarence) Clemons

Kendra
    $1000 19
Fanta

Becca
    $1000 25
the Medicis

Kendra
    $1,000 5
the abyss

Kendra
    $1000 15
(Becca: What is India?)
(Gabriel: What is Nepal?)
(Kendra: What is Tibet?)

Pakistan

KendraGabrielBecca
Triple Stumper
    $1000 29
Marcus Aurelius

Triple Stumper

Scores at the first commercial break (after clue 15):

Kendra Gabriel Becca
$3,200 $600 $600

Scores at the end of the Jeopardy! Round:

Kendra Gabriel Becca
$7,800 $1,800 $2,000

Double Jeopardy! Round responses

AWWW INSPIRING
WHAT'S THAT ON YOUR HEAD?
VERY PURITANICAL
GAME SHOWS
NEEDLESS VERBIAGE
LITERATURE TITLES BY LAST WORD
    $400 9
a spaniel

Becca
    $400 3
pith

Kendra
    $400 14
(Gabriel: What is debt?)

drunk

KendraGabriel
    $400 21
the audience

Becca
    $400 1
a fad

Becca
    $400 23
The Girl with the Dragon Tattoo

Becca
    $800 10
an anteater

Kendra
    $800 4
a bobby hat

Gabriel
    $800 15
silk

Becca
    $800 22
the showcases

Kendra
    $800 2
scrutiny

Kendra
    $800 24
(Gabriel: What is "Sleepy Hollow"?)
(Alex: Be more...)
(Gabriel: [Says nothing])

"The Legend of Sleepy Hollow"

GabrielBecca
    $1200 11
(Gabriel: What is a porcupine?)

a hedgehog

KendraGabriel
    $1200 5
a straw hat

Triple Stumper
    $1200 17
the Massachusetts Bay Colony

Becca
    $1200 30
Are You Smarter than a 5th Grader?

Becca
    $1200 6
pretenses

Kendra
    $1200 25
I Know Why the Caged Bird Sings

Becca
    $1600 12
a dik-dik

Becca
    $1600 16
"Tam o' Shanter"

Kendra
    $1600 18
Hartford

Becca
    $1600 29
Let's Make a Deal

Kendra
    $1600 7
experience

Gabriel
    $1600 26
The Joy Luck Club

Kendra
    $2000 13
(Becca: What is a wombat?)

quokka

KendraBecca
    $2,000 20
a kerchief

Becca
    $3,000 19
(Becca: Who was... Quaker?)

Mather

Becca
    $2000 28
(Becca: What is Shazam?)

Beat Shazam

Becca
Triple Stumper
    $2000 8
profile

Triple Stumper
    $2000 27
The Day of the Locust

Triple Stumper

Scores at the end of the Double Jeopardy! Round:

Kendra Gabriel Becca
$20,200 $1,800 $7,000
(lock game)

[wagering suggestions for these scores]

Final Jeopardy! Round responses

EUROPEAN GEOGRAPHY
(Alex: Czechoslovakia broke up, Prague remains the capital of the Czech Republic, but [*] is the capital of Slovakia.)
GabrielWhat is Salzburg
$1,785
BeccaWhat is Salzburg?
$3,000
KendraWhat is Sarajevo?
$6,000
Bratislava

Final scores:

Kendra Gabriel Becca
$14,200 $15 $4,000
2-day champion: $40,601 3rd place: $1,000 2nd place: $2,000

Game dynamics:

Coryat scores:

Kendra Gabriel Becca
$20,200 $1,800 $10,000
24 R
(including 1 DD),
1 W
8 R,
4 W
19 R
(including 1 DD),
5 W
(including 1 DD)

Combined Coryat: $32,000

The J! Archive is created by fans, for fans. The Jeopardy! game show and all elements thereof, including but not limited to copyright and trademark thereto, are the property of Jeopardy Productions, Inc. and are protected under law. This website is not affiliated with, sponsored by, or operated by Jeopardy Productions, Inc. Join the discussion at JBoard.tv.